000 00917cam a2200229 4500
001 ABS62503
008 000000n2000 000 0 eng u
035 _a(Sirsi) u107050
100 _aDixon, T.
245 _aPredicting the online future
260 _c2000
490 _aEstates Gazette
_v(0025) 24 June 2000, 126-127(2)
520 _aArgues that better research is needed to assess the impact of the internet on retail property in the UK. Briefly mentions independent study undertaken by the College of Estate Management, commissioned by the British Council of Shopping Centres, with support from the RICS. Further details about the research are available at http://www.cem.ac.uk Graph.
590 _aABS
650 _aONLINE SHOPPING
650 _aE-COMMERCE
650 _aRETAIL PROPERTY
650 _aFORECASTS
690 _aINFORMATION TECHNOLOGY-INTERNET
700 _aWright, C.
942 _n0
999 _c64017
_d64017